Sistemas bancarios y financieros en América Latina.
Na minha lista:
| Formato: | Livro |
|---|---|
| Publicado em: |
Sankt Augustin, Alemania:
Konrad -Adenauer- Stiftung
1995.
Buenos Aires, Argentina: CIEDLA, |
| Assuntos: | |
| Tags: |
Adicionar Tag
Sem tags, seja o primeiro a adicionar uma tag!
|
MARC
| LEADER | 00000nam a22000007a 4500 | ||
|---|---|---|---|
| 003 | CL-VaPUC | ||
| 005 | 20231004105444.0 | ||
| 008 | 230927t1995 ||||| |||| 00| 0 eng d | ||
| 999 | |c 441868 |d 441866 | ||
| 020 | |a 950-9431-38-9 | ||
| 040 | |c Pontificia Universidad Católica de Valparaíso | ||
| 082 | 0 | 4 | |2 21 |a 332.1 SIS 1995 |
| 245 | 1 | 0 | |a Sistemas bancarios y financieros en América Latina. |
| 260 | |a Sankt Augustin, Alemania: |b Konrad -Adenauer- Stiftung | ||
| 260 | |a Buenos Aires, Argentina: |b CIEDLA, |c 1995. | ||
| 300 | |a 287 páginas. | ||
| 500 | |a c.1 Donación Eduardo Cartagena. Memo ICO N° 06/2023 | ||
| 583 | |c 20230927 |k Catalogador Asistente | ||
| 650 | 1 | |a Sistemas bancarios |z América Latina |9 884792 | |
| 650 | 1 | |a Sistemas financieros |z América Latina |9 884793 | |
| 650 | 1 | |a Instituciones financieras |z América Latina |9 884794 | |
| 650 | 1 | |a Bancos |z América Latina |9 884795 | |
| 650 | 1 | |a Finanzas |z América Latina |9 884796 | |
| 942 | |2 ddc |c BK | ||
| 952 | |0 0 |1 0 |2 ddc |4 0 |6 332_100000000000000_SIS_1995 |7 0 |8 A |9 591714 |a BIBENE |b BIBENE |c GEN |d 2023-09-27 |e Donación |i 5658865 |o 332.1 SIS 1995 |p 5658865 |r 2025-01-15 |t 1 |w 2023-09-27 |y BK |k ICO | ||